| 000 | 00473nam a22001817a 4500 | ||
|---|---|---|---|
| 003 | CEME | ||
| 005 | 20210628204123.0 | ||
| 008 | 210105b xxu||||| |||| 00| 0 eng d | ||
| 020 | _a8188458406 | ||
| 040 | _cceme | ||
| 082 | _a621.56 RAJ | ||
| 100 |
_aRajput, R.K _9936 |
||
| 245 | _aRefrigeration and air-conditioning | ||
| 260 |
_aDELHI _bS.K. KATARIA & SONS _c2011 |
||
| 300 | _aVII, 876P | ||
| 650 |
_aREFRIGERATION AND AIR-CONDITIONING. _958427 |
||
| 942 |
_cBK _2ddc |
||
| 999 |
_c576294 _d576294 |
||